Đảm bảo điều khiển truy xuất cho dữ liệu NoSQL bằng kỹ thuật viết lại câu truy vấn : Luận văn Thạc sĩ Công nghệ thông tin. Chuyên ngành Hệ thống thông tin

Nghiên cứu giải pháp cải tiến và khắc phục những hạn chế của Rew-XAC cũ nhằm tạo ra được giải pháp điều khiển truy xuất dữ liệu hoàn thiện và đặc biệt là hoạt động tốt trong môi trường chính sách động....

সম্পূর্ণ বিবরণ

সংরক্ষণ করুন:
গ্রন্থ-পঞ্জীর বিবরন
প্রধান লেখক: Phạm, Yến Nhi
বিন্যাস: গ্রন্থ
ভাষা:Undetermined
প্রকাশিত: Cần Thơ Trường Đại học Cần Thơ 2017
বিষয়গুলি:
ট্যাগগুলো: ট্যাগ যুক্ত করুন
কোনো ট্যাগ নেই, প্রথমজন হিসাবে ট্যাগ করুন!
Thư viện lưu trữ: Trung tâm Học liệu Trường Đại học Cần Thơ
LEADER 01280nam a2200217Ia 4500
001 CTU_221427
008 210402s9999 xx 000 0 und d
082 |a 005.74 
082 |b Nh300 
088 |a 60480104 
100 |a Phạm, Yến Nhi 
245 0 |a Đảm bảo điều khiển truy xuất cho dữ liệu NoSQL bằng kỹ thuật viết lại câu truy vấn : 
245 0 |b Luận văn Thạc sĩ Công nghệ thông tin. Chuyên ngành Hệ thống thông tin 
245 0 |c Phạm Yến Nhi ; Đặng Trần Khánh, Đỗ Thanh Nghị (Cán bộ hướng dẫn) 
260 |a Cần Thơ 
260 |b Trường Đại học Cần Thơ 
260 |c 2017 
520 |a Nghiên cứu giải pháp cải tiến và khắc phục những hạn chế của Rew-XAC cũ nhằm tạo ra được giải pháp điều khiển truy xuất dữ liệu hoàn thiện và đặc biệt là hoạt động tốt trong môi trường chính sách động. 
650 |a Information storage and retrieval systems,Hệ thống lưu trữ và truy xuất thông tin 
904 |i Nghị, My,Hải 
980 |a Trung tâm Học liệu Trường Đại học Cần Thơ